000 01087nam a2200325Ia 4500
001 Para_2376
003 CHAP
008 220125s2001 xx 000 0 und d
010 _a200910
040 _cCHAP
082 _aPA 632.9504 B3
100 _aBautista Martinez, Nestor, ed.
_9163842
245 _aBases para realizar estudios de efectividad biológica de plaguicidas /
_c ed. por Nestor Bautista Martínez y Ovidio Díaz Gómez
260 _aMontecillos, Méx. :
_b Colegio de Postgraduados
300 _a148 p.
650 _aPesticidas
_x efecto en animales
_987546
650 _aPesticidas
_x efecto en medio ambiente
_9164039
650 _aPesticidas
_x efecto en suelos
_987554
650 _aPesticidas
_x pruebas
_987568
650 _aPesticidas
_x toxicidad
_987571
700 _aDíaz Gómez, Ovidio, ed.
_9165746
710 _aColegio de Postgraduados.
_925064
901 _aPA 632.9504 B3
902 _aA
905 _a0000002001 n 0000000000 00
910 _a2001
942 _cPARA
942 _cPARA
_d1
999 _c200910
_d200910